ბათუმის შოთა რუსთაველის სახელმწიფო უნივერსიტეტის ბიბლიოთეკა

ეკონომიკური ანალიზი (ბიბ.ჩანაწერი № 36492)

000 -LEADER
fixed length control field 00555nam a2200181Ia 4500
001 - CONTROL NUMBER
control field 2410
003 - CONTROL NUMBER IDENTIFIER
control field GE_BSU
008 - FIXED-LENGTH DATA ELEMENTS--GENERAL INFORMATION
fixed length control field 181216s||||||||xx |||||||||||||| ||und||
040 ## - CATALOGING SOURCE
Transcribing agency GE_BSU
080 ## - UNIVERSAL DECIMAL CLASSIFICATION NUMBER
Universal Decimal Classification number 338.244.018(075.8).
100 ## - MAIN ENTRY--PERSONAL NAME
Personal name ჯიქია,მ. ჩეჩელაშვილი,რ. ბურდული,ფ.
245 ## - TITLE STATEMENT
Title ეკონომიკური ანალიზი
260 ## - PUBLICATION, DISTRIBUTION, ETC.
Place of publication, distribution, etc. თბილისი
260 ## - PUBLICATION, DISTRIBUTION, ETC.
Date of publication, distribution, etc. 2009
300 ## - PHYSICAL DESCRIPTION
Extent 271გვ.
653 ## - INDEX TERM--UNCONTROLLED
Uncontrolled term ეკონომიკური ანალიზი
942 ## - ADDED ENTRY ELEMENTS (KOHA)
Koha item type წიგნი
ეგზემპლარები
Withdrawn status Lost status Damaged status Not for loan Date acquired Barcode Date last seen Price effective from Koha item type
        2018-12-17 1785 2018-12-17 2018-12-17 წიგნი